Comparison of Design and Functionality of Security Software on Mobile Devices and Computer

Porovnanie dizajnu a funkčnosti definovaného bezpečnostného softvéru na smartfóne a počítači a návrh vylepšenia používateľského rozhrania v rámci bezpečnostných aplikácií smartfónov.

Guardado en:
Detalles Bibliográficos
Autor principal: Kuchta, Martin, 1990-
Otros Autores: Kuchtová, Jana
Formato: Capítulo de libro
Lenguaje:inglés
Materias:
Etiquetas: Agregar Etiqueta
Sin Etiquetas, Sea el primero en etiquetar este registro!

MARC

LEADER 00000naa$a2200000$$$4500
001 0281055
005 20240502074351.7
041 0 |a eng 
044 |a SK 
245 1 0 |a Comparison of Design and Functionality of Security Software on Mobile Devices and Computer  |c Martin Kuchta, Jana Kuchtová 
520 |a Porovnanie dizajnu a funkčnosti definovaného bezpečnostného softvéru na smartfóne a počítači a návrh vylepšenia používateľského rozhrania v rámci bezpečnostných aplikácií smartfónov. 
610 2 0 |a softvér 
610 2 0 |a bezpečnosť 
610 2 0 |a internet 
610 2 0 |a počítače 
610 2 0 |a telefón mobilný 
610 2 0 |a dizajn 
100 1 |a Kuchta, Martin, 1990- 
700 1 |a Kuchtová, Jana